| 000 | 00577nam a2200205 4500 | ||
|---|---|---|---|
| 001 | 80624 | ||
| 003 | BD-RjUL | ||
| 005 | 20221026090935.0 | ||
| 008 | 221026s195 ii ||||| |||| 00| 1 urd d | ||
| 035 | _a(BD-RjUL)80624 | ||
| 040 |
_aBD-RjUL _beng _cBD-RjUL |
||
| 041 | _aurd | ||
| 082 |
_223 _a891.4393 _bAHR 195? |
||
| 100 | 1 |
_aAhmad, Nazir _95492 |
|
| 245 | 1 | 0 |
_aرويائ صادقه # # ruyay sadiqah / _cنزير احمد # # Nazir Ahmed |
| 260 |
_aKarachi : _bShikh Mubarak Ali , _c1947 |
||
| 300 |
_a320 p. ; _c18 cm |
||
| 650 |
_aUrdu _vFiction _95150 |
||
| 942 |
_2ddc _cBK |
||
| 999 |
_c80624 _d80624 |
||